000 00642nam a2200217 a 4500
001 20232
003 CO-ViMGA
008 141112s2004 ck r 000 u spa d
020 _a958913615X
040 _aCO-ViMGA
_bspa
_cCO-ViMGA
082 0 4 _a350 R674p
100 1 _aRoth Deubel, Andre - Noel
_929265
245 1 0 _aPolíticas Publicas :
_bformulacion, implementación y evaluación
260 _aBogotá :
_bEdiciones Aurora,
_c2002
300 _a232 p.
590 _aForma de adquisición : Premio Mincultura
650 1 4 _aADMINISTRACION PUBLICA
_951587
650 1 4 _aCIENCIAS PolíticaS
_947852
650 1 4 _aESTADO
942 _2ddc
_cBK
999 _c29279
_d29279